|
|
|
|
| LEADER |
00871nab a2200217 i 4500 |
| 001 |
acta45286 |
| 005 |
20231108105626.0 |
| 008 |
170404s2015 hu o 0|| eng d |
| 020 |
|
|
|a 978 963 306 421 4
|
| 022 |
|
|
|a 0324-6523
|
| 040 |
|
|
|a SZTE Egyetemi Kiadványok Repozitórium
|b hun
|
| 041 |
|
|
|a eng
|
| 100 |
1 |
|
|a Hajdú József
|
| 245 |
1 |
4 |
|a The basic principles of the Hungarian labour law
|h [elektronikus dokumentum] /
|c Hajdú József
|
| 260 |
|
|
|a Szegedi Tudományegyetem Állam- és Jogtudományi Karának tudományos bizottsága
|b Szeged
|c 2015
|
| 300 |
|
|
|a 394-404
|
| 490 |
0 |
|
|a Acta Universitatis Szegediensis : acta juridica et politica
|v 78
|
| 650 |
|
4 |
|a Társadalomtudományok
|
| 650 |
|
4 |
|a Jogtudomány
|
| 695 |
|
|
|a Munkajog - Magyarország - munkatörvénykönyve - 2012
|
| 856 |
4 |
0 |
|u http://acta.bibl.u-szeged.hu/45286/1/juridpol_078_394-404.pdf
|z Dokumentum-elérés
|